000 01424nam a2200277Ia 4500
999 _c37349
_d37349
001 3308
003 GE_BSU
005 20190528162321.0
008 181216s1988|||| |||||||||||||| ||geo||
020 _a5505000088
040 _cGE_BSU
041 _ageo
080 _a512.64(075.8)+514.12(075.8) წ-81
245 _aწრფივი ალგებრისა და ანალიზური გეომეტრიის ელემენტები: თეორია,სავარჯიშოები და ამოცანები
_bსახელმძღვ. /
_cს. თოფურია ; ვ. ხოჭოლავა ; ნ. მაჭარაშვილი ; დ. გიორგაძე ; ა. კვალიაშვილი ; რედ : რ. დანელია.
264 _aთბი;ლისი :
_bგანათლება,
_c1988.
300 _a320 გვ .:
_c21 სმ.
653 _aწრფივი ალგებრა
653 _aანალიზური გეომეტრია
700 _aთოფურია,ს
_91414
700 _aხოჭოლავა, ვ
_91493
700 _aმაჭარაშვილი, ნ.
_91495
700 _aგიორგაძე, დ
_91715
700 _aკვალიაშვილი, ა
_91716
700 _aდანელია. რ
_eრედაქტორი
_91505
942 _cBK
_2udc